书目信息 |
| 题名: |
建筑物移位纠倾与增层改造
|
|
| 作者: | 唐业清 主编 | |
| 分册: | ||
| 出版信息: | 北京 中国建筑工业出版社 2008.03 |
|
| 页数: | 12, 810页, [4] 页图版 | |
| 开本: | 26cm | |
| 丛书名: | ||
| 单 册: | ||
| 中图分类: | TU746 | |
| 科图分类: | ||
| 主题词: | 建筑物--jian zhu wu--整体搬迁 | |
| 电子资源: | ||
| ISBN: | 978-7-112-09638-1 | |
| 000 | 00931nam0 2200241 450 | |
| 001 | 012008755614 | |
| 005 | 20080902083505.28 | |
| 010 | @a978-7-112-09638-1@b精装@dCNY115.00 | |
| 100 | @a20080902d2008 em y0chiy0120 ea | |
| 101 | 0 | @achi |
| 102 | @aCN@b110000 | |
| 105 | @aaf a 000yy | |
| 106 | @ar | |
| 200 | 1 | @a建筑物移位纠倾与增层改造@Ajian zhu wu yi wei jiu qing yu zeng ceng gai zao@f唐业清主编@Ftang ye qing zhu bian |
| 210 | @a北京@c中国建筑工业出版社@d2008.03 | |
| 215 | @a12, 810页, [4] 页图版@c图@d26cm | |
| 320 | @a有书目 (第810页) | |
| 330 | @a本书是配合新颁布执行的《建筑物移位纠倾增层改造技术规范》而编制的。全书的主要内容是:综述;建筑物的检测鉴定;移位工程设计与施工;纠倾工程设计与施工;增层工程设计与施工;结构改造与加固等。 | |
| 606 | 0 | @a建筑物@Ajian zhu wu@x整体搬迁 |
| 690 | @aTU746@v4 | |
| 701 | 0 | @a唐业清@Atang ye qing@4主编 |
| 801 | 0 | @aCN@bQSSK@c20080902 |
| 905 | @b734715-17@dTU746@eT275@f3 | |
| 建筑物移位纠倾与增层改造/唐业清主编.-北京:中国建筑工业出版社,2008.03 |
| 12, 810页, [4] 页图版:图;26cm |
| ISBN 978-7-112-09638-1(精装):CNY115.00 |
| 本书是配合新颁布执行的《建筑物移位纠倾增层改造技术规范》而编制的。全书的主要内容是:综述;建筑物的检测鉴定;移位工程设计与施工;纠倾工程设计与施工;增层工程设计与施工;结构改造与加固等。 |
| ● |
| 相关链接 |
|
|
|
正题名:建筑物移位纠倾与增层改造
索取号:TU746/T275
 
预约/预借
| 序号 | 登录号 | 条形码 | 馆藏地/架位号 | 状态 | 备注 |
| 1 | 734715 | 207347156 | 建筑库201/201建筑库 108排9列5层/ [索取号:TU746/T275] | 在馆 | |
| 2 | 734716 | 207347165 | 建筑库201/201建筑库 108排9列5层/ [索取号:TU746/T275] | 在馆 | |
| 3 | 734717 | 207347174 | 建筑库201/201建筑库 108排9列5层/ [索取号:TU746/T275] | 在馆 |